Представление документа в формате RUSMARC

ПолеНазваниеЗначение
  Тип записи a
  Библиографический уровень c
001 Контрольный номер RU/IS/BASE/559998061
005 Дата корректировки 20251003164056.4
010 Индекс ISBN __
a ISBN 978-5-9775-3612-7 (в пер.)
d Цена 330-00
100 Данные общей обработки __
a Данные общей обработки 19170929d2016||||||| 0rusy0189 ca
101 Язык документа 0_
a Язык текста rus
102 Страна публикации __
a Страна публикации ru|
105 Кодированные данные (монография) __
a Кодированные данные (монография) a|||||||000zy
200 Заглавие и сведения об ответственности 1_
a Заглавие Сказки народа ханты
f Первые сведения об ответственности художник Николай Фомин ; [главный редактор Екатерина Кондукова]
b Общее обозначение материала Текст
210 Выходные данные __
a Место издания Санкт-Петербург
c Издательство БХВ-Петербург
d Дата издания 2016
215 Физическое описание __
a Объем 75, [4] с.
c Иллюстрации/тип воспроизводства цв. ил.
d Формат 30 см
225 Серия __
a Серия Сказки народов России
327 Примечание о содержании __
a Примечание о содержании Толстый Колькет
327 Примечание о содержании __
a Примечание о содержании Маченкат
327 Примечание о содержании __
a Примечание о содержании Идэ
327 Примечание о содержании __
a Примечание о содержании Медвежья трава
327 Примечание о содержании __
a Примечание о содержании Хвастуны
330 Аннотация __
a Аннотация В книге собраны лучшие образцы сказочного творчества неболь­шого древнего народа ханты, проживающего в Сибири, на Крайнем Севере, по берегам рек Обь и Иртыш, - "Толстый Колькет", "Идэ", "Медвежья трава" и другие.
517 Другие варианты заглавия __
a Другие варианты заглавия Толстый Колькет
517 Другие варианты заглавия __
a Другие варианты заглавия Маченкат
517 Другие варианты заглавия __
a Другие варианты заглавия Идэ
517 Другие варианты заглавия __
a Другие варианты заглавия Медвежья трава
517 Другие варианты заглавия __
a Другие варианты заглавия Хвастуны
606 Тематические рубрики __
a Основная рубрика Фольклор
606 Тематические рубрики __
a Основная рубрика Фольклор России
y Географическая подрубрика Российская Федерация
y Географическая подрубрика Россия
y Географическая подрубрика РФ
y Географическая подрубрика Тюменская область
y Географическая подрубрика Ханты-Мансийский автономный округ - Югра
y Географическая подрубрика ХМАО-Югра
610 Ключевые слова __
a Ключевые слова детская литература
a Ключевые слова краеведение
a Ключевые слова краеведческая литература
a Ключевые слова народные сказки
a Ключевые слова сказки
a Ключевые слова сказки народов России
a Ключевые слова сказки народов Севера
a Ключевые слова хантыйские сказки
a Ключевые слова хантыйский фольклор
686 Индексы других классификаций __
2 Код системы rubbks
a Классификационный индекс млК84.2
702 Вторичная интеллектуальная ответственность _1
a Фамилия Фомин
b Имя Н.
4 Код отношения Художник
g Полное личное имя Николай
4 Код отношения 040
702 Вторичная интеллектуальная ответственность _1
a Фамилия Кондукова
b Имя Е.
4 Код отношения Главный редактор
4 Код отношения 651
801 Источник записи _0
a Страна ru
b Организация Муниципальное бюджетное учреждение культуры "Централизованная библиотечная система" г. Сургут (Центральная городская библиотека им. А. С. Пушкина)
c Дата составления 20170929
g Правила каталогизации RCR
801 Источник записи _1
a Страна ru
b Организация Муниципальное бюджетное учреждение культуры "Централизованная библиотечная система" г. Сургут (Центральная городская библиотека им. А. С. Пушкина)
c Дата составления 20170929
g Правила каталогизации RCR
852 Данные о местонахождении __
j Шифр хранения млК84.2
i Авторский знак С 42
901 Тип документа __
t Тип документа x
a Ответственный КиК/Трушникова
903 Характеристики (МАРС) __
a Дата передачи 20170929
969 Тип издания __
a Тип издания издание для детей; сборник
990 Данные о заказе (DOS) __
j Количество экземпляров (DOS) 14
t N записи в КСУ для И/У (DOS) 201710